The changing village community

Saved in:
Bibliographic Details
Main Author: Halpern, Joel Martin
Format: Book
Language:Undetermined
Published: Englewood Cliffs, N.J Prentice-Hall 1967
Subjects:
Tags: Add Tag
No Tags, Be the first to tag this record!
Institutions: Trung tâm Học liệu Trường Đại học Cần Thơ
LEADER 00565nam a2200181Ia 4500
001 CTU_143919
008 210402s9999 xx 000 0 und d
082 |a 301.35 
082 |b H195 
100 |a Halpern, Joel Martin 
245 4 |a The changing village community 
245 0 |c Joel M. Halpern 
260 |a Englewood Cliffs, N.J 
260 |b Prentice-Hall 
260 |c 1967 
650 |a Villages,Rural conditions.,Urbanization,Phát triển nông thôn,Đô thị hóa 
904 |i Tuyến 
980 |a Trung tâm Học liệu Trường Đại học Cần Thơ